000 00227nam a22000977a 4500
999 _c15942
_d15942
003 OSt
008 191024b ||||| |||| 00| 0 eng d
100 _a Damodaran,Ponkunnam
_94418
245 _aAdarsham thee choolayil
942 _cBK